000 00337nam a22001337a 4500
008 181012b xxu||||| |||| 00| 0 eng d
020 _a9780781733243
041 _aeng
080 _22nd
_a617
100 _a6
101 _aONK
245 _aPrinciples & Practice of Palliative care & supportive Oncology
_cBerger,A.M
942 _2udc
_cBK
999 _c49557
_d49557